LEADER 01403nam a2200337 u 4500 001 000000105457 003 CaOOAMICUS 005 20191028085134.0 008 070607s2007 it u000 u ita u 020 $z987-88-900992-3-6* 032 $aLibriCat 040 $aPUL$bita$dES 245 00$aIntroduzione al diritto comparato delle religioni /$ca cura di Silvio Ferrari, Antonio Neri. 260 $aLugano :$bEuPress,$c2007. 300 $a293 p. ;$c23 cm 490 1 $aPro manuscripto ;$v11 650 4$aDiritto e religione.$0(OLS)http://pul/subject/20548 650 04$aDiritto comparato.$0(OLS)http://pul/subject/489 700 1 $aFerrari, Silvio,$d1947-$0(OLS)http://pul/name/11587 700 1 $aNeri, Antonio.$0(OLS)http://pul/name/23239 830 0$aPro manuscripto ;$v11.$0(OLS)http://pul/title/106213 850 $aPUL 852 $aPUL$W1$xSL Diritto e Scienze Sociali 3$y79$m342. 08 FERSI 1$j122860$qDDC 21$q $B121848$CPULBib$Z2$F121848 $H104466 $81 941 1 $a9 960 $aDiritto ecclesiastico$920548 960 $aDiritto ecclesiastico$920548 960 $aReligione e diritto$920548 996 $6020$z987-88-900992-3-6*$9(OLS)http://pul/number/134671 996 $6245$aIntroduzione al diritto comparato delle religioni$9(OLS)http://pul/title/132723 996 $6260$aLugano :$bEuPress$9(OLS)http://pul/publisher/75991 LEADER 01623namaa2200337 a 4500 001 000000177025 003 CaOOAMICUS 005 20240701161306.0 008 240701s2022 ag b u000 u spa r 020 $a978-987-640-658-1* 032 $aLibriCat 040 $aPUL$bita 082 1 $a230.0982 245 03$aLa teología argentina y el Papa Francisco :$bun ida y vuelta en la reflexión teológico-pastoral /$cOmar César Albado [et al.] (eds.) . 250 $a1a edición 260 $aBuenos Aires :$bAgape Libros,$c2022$a[Buenos Aires] :$bFundacion universidad catolica argentina 300 $a452 pagine ;$c22 cm 490 1 $aEscritos teológico-pastorales ;$v46 504 $aBibliografia in nota. 600 04$aFranciscus PP.,$d1936-2025$xTeologia.$0(OLS)http://pul/subject/44202 700 1 $aAlbado, Omar César.$0(OLS)http://pul/name/113803 830 0$aEscritos teológico-pastorales ;$v46.$0(OLS)http://pul/title/164512 850 $aPUL 852 $aPUL$W1$xSL Religione 3$y85$m230. 0982 ALBOM 1$j201024$qDDC 21$B205981$CPULBib$Z2$F205981 $H137229 $82 941 1 $a9 996 $6020$a978-987-640-658-1*$9(OLS)http://pul/number/169889 996 $6082$a230.0982$9(OLS)http://pul/classification/3512 996 $6245$aLa teología argentina y el Papa Francisco :$bun ida y vuelta en la reflexión teológico-pastoral$9(OLS)http://pul/title/218544 996 $6260$aBuenos Aires :$bAgape Libros$9(OLS)http://pul/publisher/81405 996 $6260$a[Buenos Aires] :$bFundacion universidad catolica argentina$9(OLS)http://pul/publisher/83636